000 00291pam a2200121 a 4500
020 _c
041 _h
100 _aMahindra kanitkar.
245 _aHoy Vyasanmukti Shakya Aahe
_hTextual Documents
260 _a[s.l]:
_bSamkalin prakashan,
_c2008.
300 _a112:
_bpaper.
930 _a6775
999 _c240565
_d240565